| 000 | 00566nam a22001697a 4500 | ||
|---|---|---|---|
| 003 | PILC | ||
| 005 | 20150605112157.0 | ||
| 008 | 150605b xxu||||| |||| 00| 0 eng d | ||
| 050 |
_aT 1 _b.V712 2008 |
||
| 100 | _aVillaceran, Malcolm V. | ||
| 245 |
_aAn automated hospital billing system for golden acres doctors hospital / _cMalcolm V. Villaceran. |
||
| 260 |
_aLas PiƱas City : _bSISC, _c2008. |
||
| 300 |
_ax, 119 pages : _billustrations ; _c28 cm. |
||
| 500 | _aIncludes bibliographical references and indexes. | ||
| 650 | _aAutomation. | ||
| 942 |
_2lcc _cTH _kLOC |
||
| 999 |
_c284754 _d284754 |
||